Little women (Запись № 12766640)

Подробности
000 -МАРКЕР
контрольное поле 02288nam0a2200373 4500
001 - ИДЕНТИФИКАТОР ЗАПИСИ
контрольное поле RU\NLR\BIBL_A\016230745
005 - ИДЕНТИФИКАТОР ВЕРСИИ
контрольное поле 20260405174733.0
010 ## - МЕЖДУНАРОДНЫЙ СТАНДАРТНЫЙ НОМЕР КНИГИ (ISBN)
Номер (ISBN) 978-5-17-150514-1
Тираж 2000
021 ## - НОМЕР ГОСУДАРСТВЕННОЙ РЕГИСТРАЦИИ
Код страны российская федерация
Номер 2022-76462
Номер Листа государственной регистраци КН-П-6676
035 ## - ДРУГИЕ СИСТЕМНЫЕ НОМЕРА
Идентификатор записи (RuMoRGB)011336269
035 ## - ДРУГИЕ СИСТЕМНЫЕ НОМЕРА
Идентификатор записи (NLR Aleph) 016230745
100 ## - ДАННЫЕ ОБЩЕЙ ОБРАБОТКИ
Данные общей обработки 20221207d2022 |||y0rusy50 ca
101 0# - ЯЗЫК РЕСУРСА
Язык текста, звукозаписи и т.д. английский
102 ## - СТРАНА ПУБЛИКАЦИИ ИЛИ ПРОИЗВОДСТВА
Страна публикации российская федерация
105 ## - ПОЛЕ КОДИРОВАННЫХ ДАННЫХ: ТЕКСТОВЫЕ МАТЕРИАЛЫ, МОНОГРАФИЧЕСКИЕ
Кодированные данные о монографическом текстовом документе y z 000ay
181 #0 - ПОЛЕ КОДИРОВАННЫХ ДАННЫХ: ВИД СОДЕРЖАНИЯ
Код вида содержания (ISBD) i
Код характеристики содержания (ISBD) axxe
182 #0 - ПОЛЕ КОДИРОВАННЫХ ДАННЫХ: ТИП СРЕДСТВА
Код типа средства (ISBD) n - непосредственное
200 1# - ЗАГЛАВИЕ И СВЕДЕНИЯ ОБ ОТВЕТСТВЕННОСТИ
Основное заглавие Little women
Первые сведения об ответственности Louisa May Alcott
203 ## - ВИД СОДЕРЖАНИЯ И ТИП СРЕДСТВА
Вид содержания Текст
Дополнительные сведения об издании визуальный
Тип средства непосредственный
210 ## - ПУБЛИКАЦИЯ, РАСПРОСТРАНЕНИЕ И ДР.
Место издания, распространения и т.д. Москва
Имя издателя, распространителя и т. д. АСТ
Дата издания, распространения и т.д. 2022
215 ## - ФИЗИЧЕСКАЯ ХАРАКТЕРИСТИКА
Специфическое обозначение материала и объем 378, [1] с.
Размеры 19
225 1# - СЕРИЯ
Основное заглавие серии Exclusive classics hardcover
300 ## - ОБЩИЕ ПРИМЕЧАНИЯ
Текст примечания В вып. дан.: Маленькие женщины / Луиза Мэй Олкотт
330 ## - РЕЗЮМЕ ИЛИ РЕФЕРАТ
Текст примечания Американская писательница Луиза Мэй Олкотт в одночасье стала знаменитой благодаря роману "Маленькие женщины", в основу которого легли ее собственные детские воспоминания, что сделало произведение частично автобиографическим. История повествует о четырех сестрах Марч: своенравной и талантливой Джо, хрупкой и мягкосердечной Бэт, красивой и кокетливой Мэг, а также романтичной и избалованной Эми. Вместе они справляются с потерями и невзгодами, узнают, что такое настоящая дружба, влюбляются, постигают нелегкую науку взросления и находят свое место в этом мире. Текст произведения дан в оригинале в неизменном виде
333 ## - ПРИМЕЧАНИЯ ОБ ОСОБЕННОСТЯХ РАСПРОСТРАНЕНИЯ И ИСПОЛЬЗОВАНИЯ
Текст примечания 12+
517 1# - ДРУГИЕ ВАРИАНТЫ ЗАГЛАВИЯ
Вариант заглавия Маленькие женщины
686 0# - ИНДЕКСЫ ДРУГИХ КЛАССИФИКАЦИЙ
Индекс Ш9(7США)62-4
700 #1 - ИМЯ ЛИЦА - ПЕРВИЧНАЯ ОТВЕТСТВЕННОСТЬ
Материалы, к которым относится поле eng
Графика поля Латинская
Начальный элемент ввода Alcott
Часть имени, кроме начального элемента ввода L. M.
Даты 1832-1888
Расширение инициалов личного имени Louisa May
Идентификатор авторитетной/нормативной записи RU\NLR\AUTH\7775910
Системный номер авторитетной/нормативной записи 58838
942 ## - ДОПОЛНИТЕЛЬНЫЕ ЭЛЕМЕНТЫ ЗАПИСИ (АБИС)
Тип экземпляра АБИС Книга
980 ## - КОЛЛЕКЦИЯ
Название коллекции Национальная библиография
Экземпляры
Тип экземпляра Дата поступления Источник поступления Стоимость Библиотека постоянного хранения Библиотека текущего хранения Место хранения Шифр хранения Штрих-код Статус не для выдачи
Книга 07.12.2022 Обязательный экземпляр 0.00 РНБ (Московский) РНБ (Московский) Иностранный книжный фонд Ик 2022-3/472 1-4083823